000 00816nam a22002057a 4500
001 86480
003 BD-RjUL
005 20260514124058.0
008 260514s1957 pk ||||| |||| 00| 0 urd d
035 _a(BD-RjUL) 86480
040 _aBD-RjUL
_beng
_cBD-RjUL
041 _aurd
082 _223
_a891.439092
_bHAH 1957
100 _aحالى، خواجہ الطاف حسىن،
_d1837-1914
_918485
245 1 0 _aحیات جاويد / Ḥayāt-i Jāved /
_c:خواجہ الطاف حسین حالى ؛ مرتب، ڈاکٹر على محمد خاں,= ; murattib, K̲h̲vājah Alt̤āf Ḥusain Ḥālī (Author), ʻAlī Muḥammad K̲h̲ān̲
300 _a744 p. ;
_c22 cm
600 _aجاويد
_xBiography
_918486
700 _a K̲h̲ān̲, Alī Muḥammad ;; خاں، على محمد
_918489
942 _2ddc
_cBK
999 _c86480
_d86480